Statistics for African Geography by Letter - S

Click here to take the quiz!

General Stats

  • This quiz has been taken 95 times
    (83 since last reset)
  • The average score is 15 of 20

Answer Stats

HintAnswer% Correct
Largest hot desert in the worldSahara
100%
Country Nelson Mandela was president ofSouth Africa
100%
Country which gained independence from the above in 2011South Sudan
100%
Country of which Mogadishu is the capitalSomalia
99%
Arabic-speaking country which was formerly the largest in AfricaSudan
99%
Canal in Egypt that connects the Mediterranean Sea with the Red SeaSuez Canal
95%
Westernmost country in mainland AfricaSenegal
94%
Island country in the Indian OceanSeychelles
94%
Island country in the Atlantic OceanSāo Tomé and Príncipe
93%
Lingua franca of East AfricaSwahili
91%
Former name of EswatiniSwaziland
89%
Country which was founded as a British colony for freed slavesSierra Leone
85%
Unrecognized country which has been de facto independent from the above since 1991Somaliland
81%
Official language of LesothoSesotho
64%
Biogeographic region just south of the above that stretches across Africa and is a transition zone between the desert and the more human regions to the southSahel
63%
Capital of RéunionSaint-Denis
44%
Language spoken by the majority of ZimbabweansShona
37%
Largest city on TenerifeSanta Cruz de Tenerife
36%
Official language of BotswanaSetswana
32%
Group of uninhabited islands governed by France, but also claimed by the Comoros, Madagascar, and MauritiusScattered Islands in the Indian Ocean
7%

Score Distribution

Percentile by Number Answered

Percent of People with Each Score

Your Score History

You have not taken this quiz since the last reset